00794nam a2200217 45000010005000000030009000050050017000140070005000310080029000360200021000650400023000860820027001092450053001362600035001893000023002244900033002475050229002806500038005097100011005477100018005581248DO-SdBNP20240905123102.01248161202b2005 sp | 00| 0 spa d a8449425034 (o.c) aBPMSUbspa cBPMSU 4a808.83bC965m 200622200aCuentos mágicos con actualidades didácticas  aBarcelona : bOcéano, c2005 av. :bils. ;c20050 aCrecer y aprender con Disney gv 1. tLa cenicienta -- La bella y la bestia -- La sirenita --gv. 2 . tBlanca nives y los siete enanos -- El rey león -- Aladín -gv. 3 tToy story ¡y más allá! -- Bichos, una aventura en miniatura -- Monsters,  4aCuentos infantiles vColecciones  aDisney aGrupo Oceano